| 000 | 00625nam a2200241Ia 4500 | ||
|---|---|---|---|
| 003 | SISC | ||
| 005 | 20190112082638.0 | ||
| 008 | 190108s9999 xx 000 0 und d | ||
| 020 | _a9780062458865 | ||
| 050 |
_aPZ 7 _b.C2685133C 2016 |
||
| 100 | _aCass, Kiera | ||
| 245 |
_aThe crown / _cKiera Cass. |
||
| 260 |
_aNY: _bHarperTeen _c2016 |
||
| 300 |
_a279 pages : _c210 cm. |
||
| 440 | _aThe selection series | ||
| 650 |
_aPrincesses _vFiction |
||
| 650 |
_aContest _vFiction |
||
| 650 |
_aMarriage _vFiction |
||
| 650 |
_aSocial classes _vFiction |
||
| 650 |
_aLove _vFiction |
||
| 942 |
_2lcc _cBK |
||
| 999 |
_c360333 _d360333 |
||